Análisis instrumental

Bibliographic Details
Main Author: Skoog, Douglas A.
Format: Section = Libro
Language:Undetermined
Spanish
Published: México McGraw-Hill 1989
Edition:2a.ed.
Subjects:
LEADER 00626nam a2200229Ia 4500
008 240829s9999 xx 000 0 und d
020 |a 968-422-624-1 
040 |a BIBLIOTECA-RUPAP 543.08 S628 
041 |a spa 
082 |a 543.08 S628 
100 1 |a Skoog, Douglas A. 
245 1 0 |a Análisis instrumental 
250 |a 2a.ed. 
260 |a México  |b McGraw-Hill  |c 1989 
300 |a 806 p. :il. 
650 7 |a ANALISIS INSTRUMENTAL 
650 7 |b  ELECTRONICA ELEMENTAL 
650 7 |c  ESPECTROSCOPIA OPTICA 
650 7 |d  METODOS TERMICOS. I. West, Donald M, coaut. II. Tít. 
942 |c BK  |2 ddc 
991 |a TEXTO 
999 |c 8755